=LDR 00000nam 2200000 4500 =001 INLIS000000000037422 =005 20200217090840 =035 ##$$a 0010-061300000037422 =008 200217################g##########0#ind## =041 ##$$a Ind =082 ##$$a 158.2 =090 ##$$a 158.2, Maw t =100 ##$$a Mawardi, Dodi =245 1#$$a The power of networking, nikmatnya banyak teman, banyak rezeki, dan panjang umur dari menjalin pertemanan /$c Dodi Mawardi, Dani Miftahul Akhyar =260 ##$$a Jakarta :$b Penebar Swadaya,$c 2010 =300 ##$$a 148 hlm, : $b Ilus, ; $c 20 x14 cm. =650 #4$$a Hubungan Antara Pribadi =700 #$$a Akhyar, Dani Miftahul =850 ##$$a NBPNMAT =020 ##$$a 978-979-013-112-5 =084 ##$$a 158.2 Maw t =504 ##$$a Bibliografi : Hlm. 147 =990 ##$$a 21106412 =990 ##$$a 21106411 =990 ##$$a 21106410